<?xml version="1.0" encoding="UTF-8"?>
<record
    xmlns:xsi="http://www.w3.org/2001/XMLSchema-instance"
    xsi:schemaLocation="http://www.loc.gov/MARC21/slim http://www.loc.gov/standards/marcxml/schema/MARC21slim.xsd"
    xmlns="http://www.loc.gov/MARC21/slim">

  <leader>01176nam a2200181Ia 4500</leader>
  <datafield tag="952" ind1=" " ind2=" ">
    <subfield code="0">0</subfield>
    <subfield code="1">0</subfield>
    <subfield code="2">lcc</subfield>
    <subfield code="4">0</subfield>
    <subfield code="7">0</subfield>
    <subfield code="a">01</subfield>
    <subfield code="b">01</subfield>
    <subfield code="d">2011-07-20</subfield>
    <subfield code="l">0</subfield>
    <subfield code="o">QC23 M14318 1995.</subfield>
    <subfield code="p">16 000553</subfield>
    <subfield code="r">2023-07-12</subfield>
    <subfield code="t">1</subfield>
    <subfield code="w">2012-10-28</subfield>
    <subfield code="y">LB</subfield>
  </datafield>
  <datafield tag="999" ind1=" " ind2=" ">
    <subfield code="c">86288</subfield>
    <subfield code="d">86288</subfield>
  </datafield>
  <controlfield tag="008">121028s9999    xx            000 0 und d</controlfield>
  <datafield tag="020" ind1=" " ind2=" ">
    <subfield code="a">968-18-4865-9</subfield>
  </datafield>
  <datafield tag="050" ind1=" " ind2=" ">
    <subfield code="a">QC23</subfield>
    <subfield code="b">M14318 1995</subfield>
  </datafield>
  <datafield tag="100" ind1=" " ind2=" ">
    <subfield code="a">Machlup, Stefan</subfield>
    <subfield code="e">autor</subfield>
  </datafield>
  <datafield tag="245" ind1=" " ind2=" ">
    <subfield code="a">F&#xED;sica</subfield>
    <subfield code="c">/ Stefan Machlup</subfield>
  </datafield>
  <datafield tag="260" ind1=" " ind2=" ">
    <subfield code="a">M&#xE9;xico</subfield>
    <subfield code="b">: Limusa</subfield>
    <subfield code="c">, 1995</subfield>
  </datafield>
  <datafield tag="300" ind1=" " ind2=" ">
    <subfield code="a">732 p&#xE1;g.</subfield>
    <subfield code="b">; il., formulas</subfield>
    <subfield code="c">: 24 cm.</subfield>
  </datafield>
  <datafield tag="500" ind1=" " ind2=" ">
    <subfield code="a">Incluye &#xCD;ndice.</subfield>
  </datafield>
  <datafield tag="505" ind1=" " ind2=" ">
    <subfield code="a">I. Fuerza y movimiento
II. Conservaci&#xF3;n de la cantidad de movimiento
III. Tama&#xF1;o, resistencia y dimensionamiento
IV. Energ&#xED;a y potencia
V. Rotaci&#xF3;n
VI. Presi&#xF3;n del aire y el agua
VII. Flujo de fluidos
VIII. Calor y temperatura
IX. Informaci&#xF3;n y entrop&#xED;a
X. Sonido y percepci&#xF3;n auditiva
XI. Luz y visi&#xF3;n: rayos &#xF3;pticos
XII. Luz y visi&#xF3;n: &#xF3;ptica ondulatoria
XIII. Electricidad: electrost&#xE1;tica
XIV. Corriente el&#xE9;ctrica
XV. Campo magn&#xE9;tico
XVI. Inducci&#xF3;n electromagn&#xE9;tica
XVII. Radiaci&#xF3;n electromagn&#xE9;tica y fotones
XVIII. La naturaleza cu&#xE1;ntica de la materia
XIX. Radiactividad y el n&#xFA;cleo at&#xF3;mico
XX. Relatividad
XXI. Part&#xED;culas elementales y cosmolog&#xED;a</subfield>
  </datafield>
  <datafield tag="519" ind1=" " ind2=" ">
    <subfield code="a">Material complementario /</subfield>
    <subfield code="d">16 000553</subfield>
  </datafield>
  <datafield tag="650" ind1=" " ind2="0">
    <subfield code="a">1. F&#xED;sica</subfield>
  </datafield>
  <datafield tag="942" ind1=" " ind2=" ">
    <subfield code="2">lcc</subfield>
    <subfield code="c">LB</subfield>
  </datafield>
</record>
